| 000 | 00662cam a2200241 4500500 | ||
|---|---|---|---|
| 005 | 20260329004848.0 | ||
| 041 | _afre | ||
| 042 | _adc | ||
| 100 | 1 | 0 |
_aPortevin, Catherine _eauthor |
| 245 | 0 | 0 | _aLes Presque Humains |
| 260 | _c2021. | ||
| 500 | _a16 | ||
| 690 | _aClonage | ||
| 690 | _aHumanité | ||
| 690 | _aPluralité | ||
| 690 | _aTechnique | ||
| 690 | _aThierry Hoquet | ||
| 690 | _aTrans | ||
| 690 | _aTranshumanisme | ||
| 690 | _aZombie | ||
| 786 | 0 | _nPhilosophie magazine | 150 | 6 | 2021-06-01 | p. 76-77 | 1951-1787 | |
| 856 | 4 | 1 | _uhttps://shs.cairn.info/magazine-philosophie-magazine-2021-6-page-76?lang=fr&redirect-ssocas=7080 |
| 999 |
_c1837939 _d1837939 |
||